| 000 | 00539nam a22001817a 4500 | ||
|---|---|---|---|
| 999 |
_c1999 _d1999 |
||
| 003 | AR-CdUCM | ||
| 008 | 190228b ||||| |||| 00| 0 spa d | ||
| 040 |
_aMUNICIPALIDAD PROVINCIAL DEL CUSCO _cBIBLIOTECA MUNICIPAL DEL CUSCO |
||
| 082 |
_a869.56 / _bP44 |
||
| 100 |
_aPérez Ocampo, Gustavo _97279 |
||
| 245 | _aProposiciones i otros tormentos / | ||
| 260 |
_aCusco - Perú : _c1986. |
||
| 300 |
_a84 páginas _c21cm |
||
| 505 | _aLiteratura | ||
| 650 |
_aLiteratura Cusqueña _97280 |
||
| 942 |
_2ddc _cLIBROS |
||
| 945 |
_anom _d2019-02-28 |
||